Facing aids : (Record no. 6091)
[ view plain ]
| 000 -LEADER | |
|---|---|
| fixed length control field | 00765nam a2200193 a 4500 |
| 001 - CONTROL NUMBER | |
| control field | 1674727 |
| 005 - DATE AND TIME OF LATEST TRANSACTION | |
| control field | 20250531111606.0 |
| 008 - FIXED-LENGTH DATA ELEMENTS--GENERAL INFORMATION | |
| fixed length control field | 980122s1997 sz b 000 0 eng |
| 020 ## - INTERNATIONAL STANDARD BOOK NUMBER | |
| International Standard Book Number | 2825412139 |
| 050 00 - LIBRARY OF CONGRESS CALL NUMBER | |
| Classification number | BV4460.7 |
| Item number | .F33 1997 |
| 082 00 - DEWEY DECIMAL CLASSIFICATION NUMBER | |
| Classification number | 261.8/321969792 |
| Edition information | 21 |
| 245 00 - TITLE STATEMENT | |
| Title | Facing aids : |
| Remainder of title | the challenge, the churches' response : |
| Statement of responsibility, etc. | a WCC study document. |
| 260 ## - PUBLICATION, DISTRIBUTION, ETC. | |
| Place of publication, distribution, etc. | Geneva, Switzerland : |
| Name of publisher, distributor, etc. | WCC Publications, |
| Date of publication, distribution, etc. | c1997. |
| 300 ## - PHYSICAL DESCRIPTION | |
| Extent | ix, 116 p. ; |
| Dimensions | 22 cm. |
| 500 ## - GENERAL NOTE | |
| General note | The study document is the result of a meeting of the Central Committee of the World Council of Churches in Johannesburg, South Africa in 1994. |
| 650 #0 - SUBJECT ADDED ENTRY--TOPICAL TERM | |
| Topical term or geographic name entry element | AIDS (Disease) |
| General subdivision | Religious aspects |
| -- | Christianity. |
| 710 2# - ADDED ENTRY--CORPORATE NAME | |
| Corporate name or jurisdiction name as entry element | World Council of Churches. |
| Subordinate unit | Central Committee. |
| 942 ## - ADDED ENTRY ELEMENTS (KOHA) | |
| Source of classification or shelving scheme | Library of Congress Classification |
| Koha item type | Books |
| Suppress in OPAC | No |
| 999 ## - | |
| -- | 6091 |
| -- | 6091 |
| Withdrawn status | Lost status | Source of classification or shelving scheme | Damaged status | Not for loan | Collection | Home library | Current library | Shelving location | Date acquired | Total checkouts | Full call number | Barcode | Date last seen | Copy number | Price effective from | Koha item type |
|---|---|---|---|---|---|---|---|---|---|---|---|---|---|---|---|---|
| Library of Congress Classification | Non-fiction | Undergraduate Library (Christ Temple) | Undergraduate Library (Christ Temple) | General stacks | 05/31/2025 | BV44607 PAC | ulct00002786 | 05/31/2025 | 1 | 05/31/2025 | Books |